000 00730nam a2200265Ia 4500
003 OSt
005 20220912151353.0
006 a|||||r|||| 00| 0
007 ta
008 220909b |||||||| |||| 00| 0 eng d
024 _a51110
037 _cTextual
040 _aCSL
_beng
_cCSL
041 _aeng
082 _aI,11:6, M5
100 _aBryant J A Ed.
245 0 _aCell division cycle in plants
260 _aCambridge
_bUniversity Press
_c1985
300 _aix, 259p.
_ccm.
490 _aSociety for experimental biology seminar series; 26
650 _aPlant Cytology
700 _a Francis D Ed.
942 _hI,11:6, M5
_cTEXL
_2CC
999 _c67173
_d67173